000 00555nam a2200193Ia 4500
003 OSt
005 20240401113157.0
008 210210b1970 xxu||||| |||| 00| 0 eng d
040 _cAL
041 _aKannada
082 _aK894.3 SHAB
100 _aSHARASHCHANDRA CHATARJI.
_dಶರಶ್ಚಂದ್ರ ಚಟರ್ಜಿ
_9157455
245 _aBrahmana kanye.
_b ಬ್ರಾಹ್ಮಣ ಕನ್ಯೆ
260 _aDharavada
_bSamaja Pustakalaya
_c1970
300 _a134
690 _aKannada Fiction
_9157456
906 _a028430
942 _2ddc
_cBK
999 _c79678
_d79678